00445nmm a2200157Ia 4500008004100000020001800041041000800059100001900067245004600086264004800132300001800180650001400198856005100212942000700263999001700270251105s9999||||xx |||||||||||||||||und|| a9788416995899 aspa aTrentin, Bruno 0aLa utopía cotidiana: diarios 1988-1994. a[Madrid, España] :bEl Viejo Topo, c2018 a180 páginas aBiography uhttps://public.digitaliapublishing.com/a/57763 cCF c78259d78259